000
00259nam a2200109Ia 4500
008
220204s9999 xx 000 0 und d
082
_a
82-3
_b
MOO
100
_a
Moore, Robin
245
4
_a
The Terminal connection
260
_a
London
_b
Sphere
_c
1978
942
_c
BK
999
_c
35820
_d
35820